Catálogo de los documentos de carácter histórico (siglos XVI-XIX) existentes en el Archivo del Hospital de Nuestra Señora de Gracia y Buen Suceso de la ciudad de Murcia, hoy día llamado de San Juan de Dios / (Registro nro. 138370)

Detalles MARC
000 -LEADER
campo de control de longitud fija 00854nam a2200181 4500
001 - NÚMERO DE CONTROL
campo de control 138370
003 - IDENTIFICADOR DE NÚMERO DE CONTROL
campo de control ES-MaACL
007 - CAMPO FIJO DE DESCRIPCIÓN FÍSICA--INFORMACIÓN GENERAL
campo de control de longitud fija t|
008 - DATOS DE LONGITUD FIJA--INFORMACIÓN GENERAL
campo de control de longitud fija 070214s1931 sp r ||||1| spa d
100 1# - ENTRADA PRINCIPAL--NOMBRE DE PERSONA
Nombre de persona Sancho y Sanz de Larrea, Víctor.
9 (RLIN) 103058
245 10 - MENCIÓN DEL TÍTULO
Título Catálogo de los documentos de carácter histórico (siglos XVI-XIX) existentes en el Archivo del Hospital de Nuestra Señora de Gracia y Buen Suceso de la ciudad de Murcia, hoy día llamado de San Juan de Dios /
Mención de responsabilidad, etc. formado por Víctor Sancho y Sanz de Larrea.
260 ## - PUBLICACIÓN, DISTRIBUCIÓN, ETC.
Lugar de publicación, distribución, etc. Murcia :
Nombre del editor, distribuidor, etc. [s. n.],
Fecha de publicación, distribución, etc. 1931 (
Fabricante Imp. Provincial)
300 ## - DESCRIPCIÓN FÍSICA
Extensión XXVI, 208 p. ;
Dimensiones 25 cm.
500 ## - NOTA GENERAL
Nota general Precede al tít.: Diputación Provincial de Murcia.
710 2# - ENTRADA AGREGADA--NOMBRE DE ENTIDAD CORPORATIVA
Nombre de entidad corporativa o nombre de jurisdicción como elemento de entrada Hospital de San Juan de Dios (Murcia ).
Unidad subordinada Archivo.
9 (RLIN) 4599
710 2# - ENTRADA AGREGADA--NOMBRE DE ENTIDAD CORPORATIVA
Nombre de entidad corporativa o nombre de jurisdicción como elemento de entrada Murcia (Provincia).
Unidad subordinada Diputación Provincial.
9 (RLIN) 5801
852 ## - LOCALIZACIÓN
Ubicación ES-MaACL
Número de control de estantería B-9196
Sublocalización o colección R.18582
Existencias
Estatus retirado Estado de pérdida Estado de daño No para préstamo Biblioteca de origen Biblioteca actual Ubicación en estantería Fecha de adquisición Fuente de adquisición Total de préstamos Signatura topográfica completa Código de barras Visto por última vez Precio de reemplazo Tipo de ítem Koha
        Biblioteca del Ateneo de Madrid Biblioteca del Ateneo de Madrid Sala Pardo Bazán 17/01/2008     B-9196 1143984 23/02/2023 23/02/2023 Libro impreso